| 000 | 00819nam a22002297a 4500 | ||
|---|---|---|---|
| 999 |
_c22411 _d22411 |
||
| 003 | OSt | ||
| 005 | 20220608095947.0 | ||
| 008 | 220602b ||||| |||| 00| 0 spa d | ||
| 020 | _a9786124803512 | ||
| 040 | _cBiblioteca Municipal de Cusco | ||
| 082 |
_a869.5009/G96 _bG96 |
||
| 100 |
_aGutiérrez, Miguel _d1940-2016 _eautor _948070 |
||
| 245 |
_aLa generación del 50 : _bun mundo dividido / _cMiguel Gutiérrez |
||
| 246 | _aLa generación del cincuenta | ||
| 250 | _aPrimera edición | ||
| 260 |
_aLima : _bRevuelta editores, _c2019. |
||
| 300 |
_a301 páginas. : _c23 cm. |
||
| 650 |
_aLiteratura peruana _vEnsayos, conferencias, etc. _948071 |
||
| 650 |
_aPoesía peruana _xHistoria y crítica _ySiglo XX _948072 |
||
| 650 |
_aNarrativa peruana _vCrítica e interpretación _ySiglo XX _948073 |
||
| 942 |
_2ddc _cLIBROS |
||